Tìm hiểu các tội xâm phạm nghĩa vụ, trách nhiệm của quân nhân, các tội phá hoại hoà bình chống loài người và tội phạm chiến tranh

Enregistré dans:
Détails bibliographiques
Auteur principal: Trần Minh Hưởng
Format: Livre
Langue:Undetermined
Publié: H. Lao Động 2002
Sujets:
Tags: Ajouter un tag
Pas de tags, Soyez le premier à ajouter un tag!
Thư viện lưu trữ: Trung tâm Học liệu Trường Đại học Cần Thơ
LEADER 00682nam a2200181Ia 4500
001 CTU_53761
008 210402s9999 xx 000 0 und d
020 |b 13000 
082 |a 343.59701 
082 |b H561 
100 |a Trần Minh Hưởng 
245 0 |a Tìm hiểu các tội xâm phạm nghĩa vụ, trách nhiệm của quân nhân, các tội phá hoại hoà bình chống loài người và tội phạm chiến tranh 
245 0 |c Trần Minh Hưởng và Nguyễn Văn Hoàng 
260 |a H. 
260 |b Lao Động 
260 |c 2002 
650 |a criminal law 
980 |a Trung tâm Học liệu Trường Đại học Cần Thơ